Normal view
MARC view
Entry Topical Term
001 - CONTROL NUMBER
- control field: 3108
003 - CONTROL NUMBER IDENTIFIER
- control field: OSt
005 - DATE AND TIME OF LATEST TRANSACTION
- control field: 20240824122215.0
008 - FIXED-LENGTH DATA ELEMENTS
- fixed length control field: 240824|| aca||aabn | a|a d
040 ## - CATALOGING SOURCE
- Original cataloging agency: OSt
- Transcribing agency: OSt
150 ## - HEADING--TOPICAL TERM
- Form subdivision: Nusing
670 ## - SOURCE DATA FOUND
- Source citation: Work cat.: (OSt): Bleza, Sandra J. 3107, Virtual clinical excursions--Medical surgical for Lewis, Dirsken, Heitkemper and Bucher: Medical-surgical nursing: assessment and management of clinical problems. /, 2017.
